Head to Head - Capital Cities #1 - Statistics

General Stats
  • This quiz has been taken 123 times
  • The average score is 10 of 15
Answer Stats
Question Answer % Correct
Which isn’t the most populous city of its country?
100%
Which capital is two-worded?
100%
Which is capital of an African country?
83%
Which starts with a vowel?
83%
Which is capital of a country of the G7 group?
83%
Which is located above the Tropic of Capricorn?
67%
Which is located further south?
67%
Which is located in the coast?
67%
Which capital has less than 1 million inhabitants?
50%
Which is more visited (international visitors)?
50%
Which is located further north?
50%
Which is capital of a dictatorship?
50%
Which is capital of a monarchy?
33%
Which is capital of a country which belongs to the British Commonwealth?
33%
Which is considered as a megalopolis?
33%
No matching quizzes found
Score Distribution
Percent of People with Each Score
Percentile by Number Answered
Your Score History
You have not taken this quiz